000 01038nam a2200325Ia 4500
001 dia_1712
003 CHAP
005 20240529134328.0
008 220117s1981 xx 000 0 und d
010 _a172257
020 _a968-12-0131-0
040 _cCHAP
082 _a664 U54 1981
100 _aUnger, Kurt
_9116162
245 _aLa tecnología en la industria alimentaria mexicana : diagnóstico y procesos de incorporación /
_c Kurt Unger y Viviane Márquez
260 _aMéxico :
_b El Colegio de México,
_c1981
300 _av, 137 p.
503 _aD.
504 _aBibliografía: p. 127-134
590 _aTP370 U54 1981
650 0 _aFood industry
_zMexico
_9151397
650 _aFood technology
_9148811
650 0 _aIndustria de los alimentos
_zMéxico
_9151398
650 _aTecnología alimentaria
_9140140
700 _aMárquez, Viviane, coaut.
_9151399
901 _a664 U54 1981
902 _aM
905 _a5232271981 mx in 8222123322spa16
942 _cLIBRO
_2ddc
999 _c172257
_d172257